000 00693nam a22002175a 4500
003 OSt
005 20150826103707.0
008 100412s2008 ua|||||fr||| 000 0 aaradd
020 _a9789770923121
040 _aEG-ScBUE
_bara
_cEG-ScBUE
082 0 4 _a297.63
_bا ل ش
_222
100 1 _aالشرقاوي، عبد الرحمن
_913449
245 1 0 _aمحمد رسول الحرية /
_cعبد الرحمن الشرقاوي
260 _aالقاهرة:
_bدار الشروق ،
_c2008.
300 _a378 ؛ ص
_c22 سم
590 _adoaa mohamed
650 _913450
_aالسيرة النبوية
_2BUEsh
651 _2BUEsh
653 _bARALIT
_cAugust2015
942 _2ddc
_k297.63 ا ل ش
_cBB
999 _c13870
_d13870